|
|
|
|
| LEADER |
00000nam a2200000 4500 |
| 001 |
vtls012285470 |
| 003 |
SK-MaSNL |
| 005 |
20260301193029.0 |
| 008 |
251016s2022 xr 000 0 cze |
| 020 |
|
|
|a 9788073808983
|q (brožované)
|
| 040 |
|
|
|a SNK
|b slo
|c SNK
|e rda
|
| 041 |
0 |
|
|a cze
|a lat
|b eng
|
| 044 |
|
|
|a xr
|c CZ
|
| 072 |
|
7 |
|2 konspekt
|
| 080 |
|
|
|2 2011
|
| 100 |
1 |
|
|a Skřejpek, Michal,
|d 1957-
|4 aut
|9 90283
|
| 245 |
1 |
0 |
|a Latinsko-český slovníček římského práva
|c Michal Skřejpek
|
| 250 |
|
|
|a 3. rozšířené a doplněné vydání
|
| 264 |
|
1 |
|a Plzeň
|b Vydavatelství a nakladatelství Aleš Čeněk
|c 2022
|
| 300 |
|
|
|a 194 strán
|c +
|
| 336 |
|
|
|a text
|b txt
|2 rdacontent
|
| 337 |
|
|
|a bez média
|b n
|2 rdamedia
|
| 338 |
|
|
|a zväzok
|b nc
|2 rdacarrier
|
| 852 |
|
|
|a Slovenská národná knižnica
|
| 919 |
|
|
|a 978-80-7380-898-3
|
| 999 |
|
|
|c 875813
|d 877743
|
| 952 |
|
|
|a SNK
|b SNK
|y NEVYP
|7 1
|o snk
|i snk
|8 4
|g 11.91
|0 0
|1 0
|4 0
|d 2025-10-16
|l 0
|r 2026-02-24 05:57:17
|w 2026-02-24
|